000 00315nam a22001337a 4500
008 170926b xxu||||| |||| 00| 0 eng d
020 _a078073002504
041 _aeng
080 _a37
100 _a46
101 _aEDU
245 _aSCHOLASTRIC'S A+ JUNIOR GUIDE TO GIVING A SPEECH
_cCOLLING,L
942 _2udc
_cBK
999 _c30061
_d30061